00729nam a22001577a 4500008004100000050001900041245022900060260004300289300002200332440002800354800001900382800002100401942001200422999001600434952012100450140828b xxu||||| |||| 00| 0 eng d aKD277.7.L39115 aThe Law reports 1991:bQueen's bench division and on appeal therefrom in the court of appeal and decisions in the court of appeal criminal division and employment appeal tribunal. /cEdited by Carol Ellis and Bernard Agyeman aLondon:bButterworth & Co. Ltd,c1991. axi, 668p.:c24cm. pQueen's Bench Division. aEllis, Carol. aAgyeman,Bernard. 2lcccBK c3857d11357 00102lcc4070aWIUC-1bWIUC-1cLLd2014-09-01l0oKD277.7.L39115p1942/934/14r2014-09-01 00:00:00w2014-09-01yBK